Presidentes de Cuba - Estadísticas

Estadísticas generales
  • Esta prueba ha sido intentada 64 veces
  • La puntuación promedio es 7 de 26
Estadísticas de respuestas
Año(s) Presedentes % Correcto
1976-2008 Fidel Castro
100%
2008-2018 Raúl Castro
93%
1940-1944 Fulgencio Batista
87%
1952-1954 Fulgencio Batista
87%
1955-1959 Fulgencio Batista
87%
2018-Now Miguel Díaz-Canel
82%
1925-1933 Gerardo Machado
35%
1948-1952 Carlos Prío Socarrás
24%
1902-1906 Tomás Estrada Palma
22%
1909-1913 José Miguel Gómez
16%
1913-1921 Mario García Menocal
15%
1933-19341944-1948 Ramón Grau
15%
1936-1936 Miguel Mariano Gómez
11%
1934-1935 Carlos Mendieta
9%
1936-1940 Federico Laredo Brú
7%
1959-1976 Osvaldo Dorticós Torrado
7%
1959-1959 Manuel Urrutia Lleó
5%
1921-1925 Alfredo Zayas y Alfonso
4%
1945-1955 Andrés Domingo del Castillo
4%
1934-1934 Carlos Hevia
4%
1933-1933 Carlos Manuel de Céspedes y Quesada
4%
1934-1934 Manuel Márquez Sterling
4%
1959-1959 Carlos Manuel Piedra
2%
1935-1936 José Agripino Barnet
2%
1933-1933 Alberto Herrera Franchi
0%
1959-1959 Anselmo Alliegro y Milá
0%
No se encontraron pruebas coincidentes
Distribución de puntuación
Porcentaje de gente con cada puntuación
Porcentaje por número respondido
Historial de tus puntuaciones
No has intentado esta prueba.